| 000 | 00803cam a2200277 4500 | ||
|---|---|---|---|
| 001 | J63860 | ||
| 008 | 000000n2000 000 0 eng u | ||
| 035 | _a(Sirsi) u111551 | ||
| 050 | _a333.3370794 | ||
| 110 |
_aCB Richard Ellis _93675 |
||
| 245 | _aMid-countries California USA market index brief - 4th quarter 2000 | ||
| 260 |
_bCB Richard Ellis _c2000 |
||
| 300 | _a4p. ; 30cm. | ||
| 520 | _aAvailable free on the CB Richard Ellis website http://www.cbrichardellis.com | ||
| 650 | _aUNITED STATES OF AMERICA | ||
| 650 | _aCALIFORNIA | ||
| 650 | _aOFFICES | ||
| 650 | _aINTERNATIONAL | ||
| 650 | _aUSA | ||
| 650 | _aOFFICES | ||
| 650 | _aRENTS | ||
| 650 | _aBUILT ENVIRONMENT | ||
| 690 | _aPROPERTY-COMMERCIAL PROPERTY | ||
| 856 | _uhttps://www.cbrichardellis.com | ||
| 942 | _n0 | ||
| 999 |
_c101255 _d101255 |
||